Kubrick Films - Estadísticas

Estadísticas generales
  • Esta prueba ha sido intentada 18 veces
  • La puntuación promedio es 5 de 10
Estadísticas de respuestas
Imagen Respuesta % Correcto
2001
82%
The shining
71%
Full metal Jacket
59%
Barry lyndon
47%
Eyes wide shut
47%
Spartacus
47%
Clockwork orange
41%
Dr Strangelove
41%
Lolita
41%
Paths of glory
35%
No se encontraron pruebas coincidentes
Distribución de puntuación
Porcentaje de gente con cada puntuación
Porcentaje por número respondido
Historial de tus puntuaciones
No has intentado esta prueba.